Nhân vật phản diện trong Truyện Kiều của Nguyễn Du

Vài nét về Nguyễn Du - Truyện Kiều và nhân vật phản diện trong Truyện Kiều. Nghệ thuật xây dựng nhân vật phản diện trong Truyện Kiều của Nguyễn Du

Salvato in:
Dettagli Bibliografici
Autore principale: Bùi Thị Thanh Hiên
Altri autori: Lương Ngọc Hà Th.S (Hướng dân)
Natura: Libro
Lingua:Vietnamese
Pubblicazione: Đại học Đà Nẵng ĐH Sư phạm 2008
Soggetti:
Tags: Aggiungi Tag
Nessun Tag, puoi essere il primo ad aggiungerne! !
Thư viện lưu trữ: Mạng thư viện Đại học Đà Nẵng
LEADER 01192nam a2200337 4500
001 000010933
003 7157
005 20111223101255.0
008 111223s2008 viesd
041 |a vie 
072 |a Khóa luận tốt nghiệp 
082 |a 895.9221  |b BU-H 
100 |a Bùi Thị Thanh Hiên 
245 |a Nhân vật phản diện trong Truyện Kiều của Nguyễn Du  |c Bùi Thị Thanh Hiên 
260 |a Đại học Đà Nẵng  |b ĐH Sư phạm  |c 2008 
300 |a 51 tr.  |c 29 cm 
500 |a Khóa luận tốt nghiệp khoa Ngữ văn 
520 |a Vài nét về Nguyễn Du - Truyện Kiều và nhân vật phản diện trong Truyện Kiều. Nghệ thuật xây dựng nhân vật phản diện trong Truyện Kiều của Nguyễn Du 
653 |a Truyện Kiều 
653 |a Nghệ thuật xây dựng 
653 |a Nhân vật 
653 |a Nguyễn Du 
700 |a Lương Ngọc Hà  |c Th.S  |e Hướng dân 
OWN |a LSP 
999 |a From the UDN01 
TYP |a Monograph 
TYP |a Printed language 
980 |a Mạng thư viện Đại học Đà Nẵng